Estadísticas para Municipios de Gipuzkoa

Haz click aquí para intentar la prueba.

Estadísticas generales

  • Esta prueba ha sido intentada 420 veces
  • La puntuación promedio es 41 de 89

Estadísticas de respuestas

PoblaciónMunicipio% Correcto
186.370Donostia / San Sebastián
100%
61.855Irun
97%
23.118Zarautz
93%
27.417Eibar
91%
17.049Hondarribia
90%
21.977Arrasate / Mondragón
87%
39.439Errenteria
86%
19.386Tolosa
85%
14.690Azpeitia
84%
9.979Zumaia
82%
20.003Hernani
81%
11.563Azkoitia
80%
5.502Deba
76%
13.854Beasain
75%
5.857Orio
75%
16.096Pasaia
75%
2.815Getaria
74%
11.540Elgoibar
72%
5.375Mutriku
72%
14.691Bergara
71%
9.848Zumarraga
71%
14.659Andoain
70%
10.199Oiartzun
66%
18.166Lasarte-Oria
65%
8.438Legazpi
63%
11.394Oñati
61%
9.998Ordizia
61%
6.159Usurbil
58%
6.077Astigarraga
54%
6.786Urretxu
54%
6.025Lezo
53%
2.083Aia
52%
3.713Zestoa
52%
7.015Aretxabaleta
51%
2.061Anoeta
50%
5.878Villabona-Amasa
50%
2.304Idiazabal
49%
1.433Legorreta
47%
1.687Ataun
46%
2.012Mendaro
46%
2.975Zizurkil
46%
4.089Eskoriatza
45%
3.901Soraluze-Placencia de las Armas
45%
6.242Urnieta
44%
158Itsaso
42%
1.535Zegama
39%
5.559Lazkao
38%
4.191Ibarra
37%
1.314Ormaiztegi
37%
451Ezkio
34%
1.455Segura
34%
936Amezketa
33%
1.578Zaldibia
33%
1.746Alegia
32%
1.080Berastegi
32%
478Ikaztegieta
32%
1.823Irura
32%
642Itsasondo
32%
472Aduna
31%
580Errezil
31%
773Aizarnazabal
30%
1.131Elgeta
30%
248Zerain
30%
2.151Antzuola
29%
1.494Asteasu
29%
427Altzo
28%
327Abaltzisketa
26%
949Olaberria
25%
127Orexa
25%
581Berrobi
23%
162Gaztelu
23%
211Arama
22%
508Bidania-Goiatz
22%
494Gabiria
22%
367Alkiza
21%
209Orendain
21%
163Beizama
19%
597Lizartza
19%
238Elduain
18%
249Larraul
17%
231Lenitz-Gatzaga
17%
249Mutiloa
17%
315Hernialde
16%
320Albiztur
14%
127Gainza
13%
170Altzaga
12%
363Leaburu
12%
142Baliarrain
11%
243Balauntza
4%

Distribución de puntuación

Porcentaje por número respondido

Porcentaje de gente con cada puntuación

Historial de tus puntuaciones

No has intentado esta prueba.